00681nam a2200217 a 450000100060000000300080000600500170001400800410003102000160007203500190008804000270010704100080013408200220014210000250016424500790018926000400026830000330030850400530034165000220039470000470041652969BD-RjUL20211209075904.0161001s2005 enka b 001 0 eng d a0761940057  a(BD-RjUL)53089 aNLMcNLMdBD-RjULbeng aeng00a613222bLUH 20051 aLucas, Kevin,d1954-10aHealth promotion :bevidence and experience /cKevin Lucas, Barbara Lloyd. aLondon :bSAGE Publications,c2005. avi, 168 p. :bill. ;c24 cm. aIncludes bibliographical references and indexes. 0aHealth promotion.1 aLloyd, Barbara B.q(Barbara Bloom),d1933-